000 00619nam a2200229 i 4500
001 000029676
003 DO-SdBNP
005 20230529092546.0
007 ta
008 110425s1984 dr 000 0 spa d
040 _aDO-SdBNP
_bspa
_cBNPHU
_erda
082 _bC421
_222
245 0 0 _aCesare Beccaria de los delitos y de las penas
264 _aSanto Domingo :
_bFuturo,
_c1984
300 _a292 paginas. ;
_c19 cm.
336 _2rdacontent
_atexto
_btxt
337 _2rdamedia
_asin mediación
_bn
338 _2rdacarrier
_avolumen
_bnc
590 _aInventariado, 2023 / DG
910 _aDG
942 _2ddc
_cLBS1
999 _c53631
_d53631